| 000 | 00835nmc a2200289 a 4500 | ||
|---|---|---|---|
| 003 | AR-BaBNM | ||
| 005 | 20251128211758.0 | ||
| 008 | 106020s2004 ||||||||||||||000 | spa|| | ||
| 020 | _a84-9700-167-2 | ||
| 040 | _cAR-BaBNM | ||
| 100 | 1 | _aSánchez Asín, Antonio | |
| 245 | 1 | 0 | _aTecnologías de la información y comunicación para la discapacidad |
| 260 |
_aMálaga _bAljibe _c2004 |
||
| 300 | 0 | _a134 p. | |
| 490 | 0 | _aEducación especial | |
| 504 | _aContiene referencias bibliográficas | ||
| 650 | 4 | _aEDUCACION ESPECIAL | |
| 650 | 4 | _aTECNOLOGIA EDUCATIVA | |
| 653 | 0 | _aNUEVAS TECNOLOGIAS | |
| 653 | 0 | _aDISCAPACIDAD AUDITIVA | |
| 653 | 0 | _aDISCAPACIDAD VISUAL | |
| 653 | 0 | _aDISCAPACIDAD MOTORA | |
| 653 | 0 | _aADAPTACIONES CURRICULARES | |
| 800 | 1 | _aMata, Francisco Salvador | |
| 942 | _cBK | ||
| 998 | _cme-solo cat | ||
| 999 |
_c21069 _d21069 |
||